The billion dollar BET : Robert Johnson and the inside story of Black Entertainment Television
Those interested in business are not the only ones who will welcome The Billion Dollar BET (Wiley; 24.95). Robert Johnson’s rise from humble beginnings in Hickory, Miss and Freeport, Ill to bone a fide American billionaire is packed with all the elements of great stories. In addition to a healthy do...
Spremljeno u:
| Glavni autor: | |
|---|---|
| Format: | Knjiga |
| Jezik: | Undetermined |
| Izdano: |
Hoboken, N.J.
John Wiley
2004
|
| Teme: | |
| Oznake: |
Dodaj oznaku
Bez oznaka, Budi prvi tko označuje ovaj zapis!
|
| Thư viện lưu trữ: | Trung tâm Học liệu Trường Đại học Cần Thơ |
|---|
| LEADER | 01094nam a2200229Ia 4500 | ||
|---|---|---|---|
| 001 | CTU_165676 | ||
| 008 | 210402s9999 xx 000 0 und d | ||
| 020 | |c 16.70 | ||
| 082 | |a 384.555092 | ||
| 082 | |b P982 | ||
| 100 | |a Pulley, Brett | ||
| 245 | 4 | |a The billion dollar BET : | |
| 245 | 0 | |b Robert Johnson and the inside story of Black Entertainment Television | |
| 245 | 0 | |c Brett Pulley | |
| 260 | |a Hoboken, N.J. | ||
| 260 | |b John Wiley | ||
| 260 | |c 2004 | ||
| 520 | |a Those interested in business are not the only ones who will welcome The Billion Dollar BET (Wiley; 24.95). Robert Johnson’s rise from humble beginnings in Hickory, Miss and Freeport, Ill to bone a fide American billionaire is packed with all the elements of great stories. In addition to a healthy dose of drive and determination, there is a large helping of alleged backstabbing, extramarital affairs, corporate meltdowns and showdowns. | ||
| 650 | |a Executives,Nhân viên điều hành | ||
| 650 | |z United States,Hoa Kỳ | ||
| 904 | |i QHieu | ||
| 980 | |a Trung tâm Học liệu Trường Đại học Cần Thơ | ||